| 000 | 01009nam a2200229Ia 4500 | ||
|---|---|---|---|
| 001 | 16772 | ||
| 005 | 20260420124138.0 | ||
| 008 | 260306t2014||||xx |||||||||||||| ||und|| | ||
| 041 | _aESP | ||
| 082 |
_a657 _bA47 |
||
| 100 |
_aAlva, Edgar _eAUT |
||
| 245 | 0 |
_aFundamentos de contabilidad: _bun enfoque de diálogo con un lenguaje claro |
|
| 260 | _c2014 | ||
| 300 |
_a234 páginas : _c22 cm. |
||
| 650 | _aGEN | ||
| 654 | _aCCO | ||
| 856 |
_uhttps://itmsp.museknowledge.com/UCSP?url=https://www.ebooks7-24.com:443/?il=9506&pg=1 _zVersión digital (2019) |
||
| 856 |
_uhttps://0u213x7gr-y-https-ebooks7--24-com.itmsp.museknowledge.com/biblioteca.aspx _zVéase además: Base de datos Ebook7-24 |
||
| 856 |
_uhttps://0u21cx7hf-y-https-www-legismovil-pe.itmsp.museknowledge.com/interm/InterUCSanPablo.htm _zVéase además: Base de datos LegisMóvil |
||
| 856 |
_uhttps://0u23gx7hg-y-https-contadores360-pe.itmsp.museknowledge.com/ _zVéase además: Base de datos Contadores 360 |
||
| 942 |
_cLIB _dJUS _fJUS _2ddc |
||
| 999 |
_c16772 _d16772 |
||